[Event "DEM U12 2025"]
[Site "Willingen GER"]
[Date "2025.06.14"]
[Round "9"]
[White "Gersemann, Karl"]
[Black "Retzlaff, Nick"]
[Result "1-0"]
[Termination "normal"]
[Board "6"]
[WhiteElo "1982"]
[BlackElo "1790"]
[WhiteClock "00:45:28"]
[BlackClock "00:30:43"]
[PlyCount "57"]
[WhiteFideId "34602186"]
[BlackFideId "34610367"]
[EventCountry "GER"]
[EventRounds "9"]
[EventType "swiss"]
[EventDate "2025.06.07"]

1. e4 {[%clk 01:30:57]} {[%emt 00:00:03]} c5 {[%clk 01:30:55]} {[%emt
00:00:06]} 2. Nf3 {[%clk 01:31:23]} {[%emt 00:00:03]} d6 {[%clk 01:31:22]}
{[%emt 00:00:04]} 3. d4 {[%clk 01:31:49]} {[%emt 00:00:04]} cxd4 {[%clk
01:31:49]} {[%emt 00:00:03]} 4. Nxd4 {[%clk 01:32:13]} {[%emt 00:00:04]} Nf6
{[%clk 01:32:16]} {[%emt 00:00:04]} 5. Nc3 {[%clk 01:32:37]} {[%emt 00:00:05]}
a6 {[%clk 01:32:45]} {[%emt 00:00:03]} 6. Bc4 {[%clk 01:33:02]} {[%emt
00:00:05]} g6 {[%clk 01:32:10]} {[%emt 00:01:05]} 7. Bb3 {[%clk 01:31:59]}
{[%emt 00:01:34]} Bg7 {[%clk 01:30:37]} {[%emt 00:02:03]} 8. f3 {[%clk
01:30:40]} {[%emt 00:01:47]} O-O {[%clk 01:25:29]} {[%emt 00:05:39]} 9. Be3
{[%clk 01:30:56]} {[%emt 00:00:13]} Nc6 {[%clk 01:16:57]} {[%emt 00:09:03]} 10.
Qd2 {[%clk 01:22:19]} {[%emt 00:09:06]} Nxd4 {[%clk 01:14:00]} {[%emt
00:03:28]} 11. Bxd4 {[%clk 01:22:35]} {[%emt 00:00:13]} Kh8 {[%clk 01:03:44]}
{[%emt 00:10:47]} 12. h4 {[%clk 01:19:16]} {[%emt 00:03:49]} h5 {[%clk
00:56:33]} {[%emt 00:07:41]} 13. Nd5 {[%clk 01:18:12]} {[%emt 00:01:33]} e6
{[%clk 00:53:31]} {[%emt 00:03:33]} 14. Bb6 {[%clk 01:17:54]} {[%emt 00:00:48]}
Qd7 {[%clk 00:53:26]} {[%emt 00:00:34]} 15. Nxf6 {[%clk 01:15:38]} {[%emt
00:02:46]} Bxf6 {[%clk 00:53:25]} {[%emt 00:00:32]} 16. O-O-O {[%clk 01:15:16]}
{[%emt 00:00:51]} Qe7 {[%clk 00:48:55]} {[%emt 00:05:00]} 17. g4 {[%clk
01:10:17]} {[%emt 00:05:29]} Bg7 {[%clk 00:45:41]} {[%emt 00:03:45]} 18. gxh5
{[%clk 01:01:11]} {[%emt 00:09:36]} gxh5 {[%clk 00:43:51]} {[%emt 00:02:20]}
19. Rhg1 {[%clk 00:58:34]} {[%emt 00:03:06]} Qf6 {[%clk 00:43:15]} {[%emt
00:01:06]} 20. e5 {[%clk 00:58:52]} {[%emt 00:00:12]} Qxe5 {[%clk 00:42:42]}
{[%emt 00:01:02]} 21. c3 {[%clk 00:55:58]} {[%emt 00:03:25]} Qf6 {[%clk
00:35:20]} {[%emt 00:07:51]} 22. Rg5 {[%clk 00:55:00]} {[%emt 00:01:27]} Qh6
{[%emt 00:07:11]} 23. Rdg1 {[%clk 00:50:32]} Rg8 {[%clk 00:31:44]} {[%emt
00:02:24]} 24. Be3 {[%clk 00:46:20]} {[%emt 00:04:41]} Qh7 {[%clk 00:31:15]}
{[%emt 00:01:00]} 25. Bc2 {[%clk 00:46:19]} {[%emt 00:00:31]} f5 {[%clk
00:31:36]} {[%emt 00:00:09]} 26. Qxd6 {[%clk 00:46:33]} {[%emt 00:00:16]} b5
{[%clk 00:31:10]} {[%emt 00:00:56]} 27. Bd4 {[%clk 00:45:07]} {[%emt 00:01:56]}
Qh6 {[%clk 00:30:20]} {[%emt 00:01:20]} 28. Bxg7+ {[%clk 00:45:01]} {[%emt
00:00:35]} Rxg7 {[%clk 00:30:43]} {[%emt 00:00:09]} 29. Qf8+ {[%clk 00:45:28]}
{[%emt 00:00:03]} 1-0

[Event "DEM U12 2025"]
[Site "Willingen GER"]
[Date "2025.06.14"]
[Round "9"]
[White "Naumann, Lennart"]
[Black "Meitzner, Jonathan Franz"]
[Result "1/2-1/2"]
[Termination "normal"]
[Board "7"]
[WhiteElo "1820"]
[BlackElo "1766"]
[WhiteClock "00:21:01"]
[BlackClock "00:26:05"]
[PlyCount "51"]
[WhiteFideId "34644830"]
[BlackFideId "34616110"]
[EventCountry "GER"]
[EventRounds "9"]
[EventType "swiss"]
[EventDate "2025.06.07"]

1. e4 {[%emt 20:00:53]} c5 {[%clk 01:30:51]} 2. Nc3 {[%clk 01:31:21]} {[%emt
00:00:08]} e6 {[%clk 01:30:39]} {[%emt 00:00:44]} 3. Nge2 {[%clk 01:31:36]}
{[%emt 00:00:13]} Nc6 {[%clk 01:30:27]} {[%emt 00:00:42]} 4. g3 {[%clk
01:31:48]} {[%emt 00:00:17]} Nf6 {[%clk 01:30:38]} {[%emt 00:00:21]} 5. Bg2
{[%clk 01:31:59]} {[%emt 00:00:18]} Be7 {[%clk 01:30:44]} {[%emt 00:00:25]} 6.
O-O {[%clk 01:30:49]} {[%emt 00:01:40]} d6 {[%clk 01:30:29]} {[%emt 00:00:45]}
7. d4 {[%clk 01:29:24]} {[%emt 00:01:54]} cxd4 {[%clk 01:29:59]} {[%emt
00:01:01]} 8. Nxd4 {[%clk 01:29:45]} {[%emt 00:00:08]} a6 {[%clk 01:29:42]}
{[%emt 00:00:48]} 9. Nxc6 {[%clk 01:11:56]} {[%emt 00:18:19]} bxc6 {[%clk
01:30:04]} {[%emt 00:00:08]} 10. e5 {[%clk 01:11:23]} {[%emt 00:01:03]} Nd5
{[%clk 01:28:31]} {[%emt 00:02:03]} 11. exd6 {[%clk 01:06:55]} {[%emt
00:04:57]} Qxd6 {[%clk 01:26:12]} {[%emt 00:02:49]} 12. Ne4 {[%clk 00:59:52]}
{[%emt 00:07:31]} Qc7 {[%clk 01:24:31]} {[%emt 00:02:14]} 13. c4 {[%clk
00:53:16]} {[%emt 00:07:06]} Nf6 {[%clk 01:21:52]} {[%emt 00:03:09]} 14. Qa4
{[%clk 00:50:04]} {[%emt 00:03:42]} Bb7 {[%clk 01:20:28]} {[%emt 00:01:54]} 15.
Nxf6+ {[%clk 00:45:49]} {[%emt 00:04:45]} Bxf6 {[%clk 01:20:00]} {[%emt
00:00:57]} 16. Be3 {[%clk 00:46:12]} {[%emt 00:00:06]} O-O {[%clk 01:18:17]}
{[%emt 00:02:14]} 17. Bc5 {[%clk 00:41:24]} {[%emt 00:05:18]} Rfd8 {[%clk
01:12:27]} {[%emt 00:06:20]} 18. Qb4 {[%clk 00:36:38]} {[%emt 00:05:14]} a5
{[%clk 01:09:26]} {[%emt 00:03:34]} 19. Qb6 {[%clk 00:32:00]} {[%emt 00:05:06]}
Qxb6 {[%clk 01:05:40]} {[%emt 00:04:17]} 20. Bxb6 {[%clk 00:32:13]} {[%emt
00:00:17]} Rd2 {[%clk 01:00:27]} {[%emt 00:05:35]} 21. Rfd1 {[%clk 00:30:40]}
{[%emt 00:02:06]} Rxb2 {[%clk 00:43:11]} {[%emt 00:17:51]} 22. Rab1 {[%clk
00:30:19]} {[%emt 00:00:51]} Rxa2 {[%clk 00:40:41]} {[%emt 00:03:00]} 23. Bd4
{[%clk 00:26:35]} {[%emt 00:04:13]} Ba6 {[%clk 00:32:30]} {[%emt 00:08:42]} 24.
Bxc6 {[%clk 00:23:28]} {[%emt 00:03:38]} Rd8 {[%clk 00:28:58]} {[%emt
00:04:01]} 25. Kg2 {[%clk 00:21:01]} {[%emt 00:02:53]} e5 {[%clk 00:26:05]}
{[%emt 00:03:27]} 26. Bxe5 {[%emt 00:15:28]} 1/2-1/2

[Event "DEM U12 2025"]
[Site "Willingen GER"]
[Date "2025.06.14"]
[Round "9"]
[White "Richter, Felix"]
[Black "Andersen, Jonathan"]
[Result "1/2-1/2"]
[Termination "normal"]
[Board "8"]
[WhiteElo "1867"]
[BlackElo "1787"]
[WhiteClock "00:46:16"]
[BlackClock "00:09:40"]
[PlyCount "143"]
[WhiteFideId "34631356"]
[BlackFideId "34623884"]
[EventCountry "GER"]
[EventRounds "9"]
[EventType "swiss"]
[EventDate "2025.06.07"]

1. e4 {[%clk 01:30:59]} e5 {[%clk 01:30:51]} {[%emt 00:00:09]} 2. Nf3 {[%clk
01:31:05]} {[%emt 00:00:24]} Nc6 {[%clk 01:31:16]} {[%emt 00:00:06]} 3. c3
{[%clk 01:31:29]} {[%emt 00:00:06]} d5 {[%clk 01:31:22]} {[%emt 00:00:23]} 4.
Qa4 {[%clk 01:31:51]} {[%emt 00:00:08]} f6 {[%clk 01:31:30]} {[%emt 00:00:22]}
5. Bb5 {[%clk 01:31:31]} {[%emt 00:00:50]} Nge7 {[%clk 01:31:18]} {[%emt
00:00:42]} 6. exd5 {[%clk 01:31:42]} {[%emt 00:00:19]} Qxd5 {[%clk 01:31:36]}
{[%emt 00:00:12]} 7. d4 {[%clk 01:32:01]} {[%emt 00:00:10]} Bg4 {[%clk
01:06:54]} {[%emt 00:25:11]} 8. Nbd2 {[%clk 01:29:22]} {[%emt 00:03:09]} exd4
{[%clk 00:53:05]} {[%emt 00:14:20]} 9. Bc4 {[%clk 01:21:46]} {[%emt 00:08:06]}
Qd7 {[%clk 00:51:27]} {[%emt 00:02:08]} 10. cxd4 {[%clk 01:16:58]} {[%emt
00:05:18]} Nd5 {[%clk 00:40:34]} {[%emt 00:11:23]} 11. Bb5 {[%clk 01:07:58]}
{[%emt 00:09:30]} Bd6 {[%clk 00:39:10]} {[%emt 00:01:54]} 12. O-O {[%clk
01:07:21]} {[%emt 00:01:08]} O-O {[%clk 00:36:54]} {[%emt 00:02:45]} 13. Bc4
{[%clk 01:06:57]} {[%emt 00:00:52]} Be6 {[%clk 00:37:04]} {[%emt 00:00:22]} 14.
Re1 {[%clk 01:00:03]} {[%emt 00:07:23]} Bf7 {[%clk 00:32:38]} {[%emt 00:04:57]}
15. Qd1 {[%clk 00:57:23]} {[%emt 00:03:09]} Nce7 {[%clk 00:31:42]} {[%emt
00:01:27]} 16. a3 {[%clk 00:55:53]} {[%emt 00:01:59]} c6 {[%clk 00:31:30]}
{[%emt 00:00:43]} 17. Ne4 {[%clk 00:55:53]} {[%emt 00:00:29]} Ng6 {[%clk
00:30:26]} {[%emt 00:01:35]} 18. Nfd2 {[%clk 00:53:15]} {[%emt 00:03:08]} Rfe8
{[%clk 00:24:34]} {[%emt 00:06:22]} 19. g3 {[%clk 00:51:35]} {[%emt 00:02:10]}
f5 {[%clk 00:23:29]} {[%emt 00:01:36]} 20. Nxd6 {[%clk 00:51:33]} {[%emt
00:00:31]} Qxd6 {[%clk 00:22:16]} {[%emt 00:01:43]} 21. Nf3 {[%clk 00:51:14]}
{[%emt 00:00:49]} Rxe1+ {[%clk 00:22:27]} {[%emt 00:00:19]} 22. Qxe1 {[%clk
00:51:18]} {[%emt 00:00:25]} Re8 {[%clk 00:22:52]} {[%emt 00:00:06]} 23. Qd1
{[%clk 00:49:52]} {[%emt 00:01:56]} h6 {[%clk 00:22:19]} {[%emt 00:01:03]} 24.
Bd3 {[%clk 00:49:14]} {[%emt 00:01:08]} Qf6 {[%clk 00:21:40]} {[%emt 00:01:09]}
25. Qc2 {[%clk 00:49:03]} {[%emt 00:00:40]} f4 {[%clk 00:18:22]} {[%emt
00:03:50]} 26. Be4 {[%clk 00:48:33]} {[%emt 00:00:59]} Nc7 {[%clk 00:11:28]}
{[%emt 00:07:24]} 27. b4 {[%clk 00:46:22]} {[%emt 00:02:40]} fxg3 {[%clk
00:11:06]} {[%emt 00:00:52]} 28. hxg3 {[%clk 00:45:56]} {[%emt 00:00:56]} Rxe4
{[%clk 00:08:38]} {[%emt 00:02:59]} 29. Qxe4 {[%clk 00:46:10]} {[%emt
00:00:15]} Bd5 {[%clk 00:09:03]} {[%emt 00:00:06]} 30. Qg4 {[%clk 00:45:55]}
{[%emt 00:00:43]} Qxf3 {[%clk 00:08:32]} {[%emt 00:01:02]} 31. Qxf3 {[%clk
00:46:23]} {[%emt 00:00:02]} Bxf3 {[%clk 00:08:54]} {[%emt 00:00:08]} 32. Bb2
{[%clk 00:46:35]} {[%emt 00:00:18]} Nd5 {[%clk 00:09:13]} {[%emt 00:00:11]} 33.
Kf1 {[%clk 00:45:37]} {[%emt 00:01:28]} Nge7 {[%clk 00:08:50]} {[%emt
00:00:53]} 34. Ke1 {[%clk 00:45:31]} {[%emt 00:00:35]} Nf5 {[%clk 00:08:28]}
{[%emt 00:00:54]} 35. Kd2 {[%clk 00:45:45]} {[%emt 00:00:16]} Nd6 {[%clk
00:08:42]} {[%emt 00:00:15]} 36. Kd3 {[%clk 00:45:31]} {[%emt 00:00:39]} Ne4
{[%clk 00:08:23]} {[%emt 00:00:54]} 37. Rf1 {[%clk 00:45:42]} {[%emt 00:00:19]}
Kf7 {[%clk 00:08:17]} {[%emt 00:00:35]} 38. Bc1 {[%clk 00:44:19]} {[%emt
00:01:53]} Ke6 {[%clk 00:07:32]} {[%emt 00:01:15]} 39. Re1 {[%clk 00:43:44]}
{[%emt 00:01:06]} Ndf6 {[%clk 00:00:36]} {[%emt 00:07:26]} 40. Re3 {[%clk
00:43:54]} {[%emt 00:00:19]} Bh5 {[%clk 00:00:35]} {[%emt 00:00:32]} 41. f3
{[%clk 00:44:12]} {[%emt 00:00:12]} Kd5 {[%clk 00:30:22]} {[%emt 00:00:43]} 42.
fxe4+ {[%clk 01:14:16]} {[%emt 00:00:26]} Nxe4 {[%clk 00:30:47]} {[%emt
00:00:05]} 43. Bb2 {[%clk 01:13:02]} {[%emt 00:01:43]} b5 {[%clk 00:29:25]}
{[%emt 00:01:53]} 44. Re1 {[%clk 00:55:41]} {[%emt 00:17:49]} g5 {[%clk
00:20:25]} {[%emt 00:09:32]} 45. Rg1 {[%clk 00:55:10]} {[%emt 00:01:00]} Bg4
{[%clk 00:19:49]} {[%emt 00:01:06]} 46. Ke3 {[%clk 00:54:11]} {[%emt 00:01:29]}
h5 {[%clk 00:19:50]} {[%emt 00:00:30]} 47. Rg2 {[%clk 00:53:16]} {[%emt
00:01:25]} Nd6 {[%clk 00:19:15]} {[%emt 00:01:05]} 48. Bc1 {[%clk 00:52:21]}
{[%emt 00:01:25]} Bf5 {[%clk 00:13:06]} {[%emt 00:06:33]} 49. Rf2 {[%clk
00:47:10]} {[%emt 00:05:46]} Nc4+ {[%clk 00:08:39]} {[%emt 00:04:58]} 50. Ke2
{[%clk 00:47:24]} {[%emt 00:00:15]} Ke4 {[%clk 00:08:55]} {[%emt 00:00:15]} 51.
Bxg5 {[%clk 00:46:43]} {[%emt 00:01:12]} Bg4+ {[%clk 00:09:22]} {[%emt
00:00:04]} 52. Ke1 {[%clk 00:46:34]} {[%emt 00:00:33]} Kxd4 {[%clk 00:09:40]}
{[%emt 00:00:16]} 53. Bc1 {[%clk 00:44:24]} {[%emt 00:02:40]} Kc3 {[%clk
00:08:29]} {[%emt 00:01:42]} 54. Rf6 {[%clk 00:43:19]} {[%emt 00:01:33]} Ne5
{[%clk 00:06:36]} {[%emt 00:02:25]} 55. Bf4 {[%clk 00:41:45]} {[%emt 00:02:04]}
Nd3+ {[%clk 00:06:19]} {[%emt 00:00:48]} 56. Kf1 {[%clk 00:42:06]} {[%emt
00:00:08]} Nxf4 {[%clk 00:05:40]} {[%emt 00:01:09]} 57. Rxc6+ {[%clk 00:42:25]}
{[%emt 00:00:11]} Kb3 {[%clk 00:06:02]} {[%emt 00:00:08]} 58. gxf4 {[%clk
00:42:47]} {[%emt 00:00:08]} Kxa3 {[%clk 00:06:29]} {[%emt 00:00:03]} 59. Ra6+
{[%clk 00:42:59]} {[%emt 00:00:17]} Kxb4 {[%clk 00:06:56]} {[%emt 00:00:04]}
60. Rxa7 {[%clk 00:43:19]} {[%emt 00:00:10]} Kc3 {[%clk 00:06:27]} {[%emt
00:01:00]} 61. Rc7+ {[%clk 00:42:53]} {[%emt 00:00:55]} Kd4 {[%clk 00:06:39]}
{[%emt 00:00:18]} 62. Rb7 {[%clk 00:42:56]} {[%emt 00:00:27]} Ke3 {[%clk
00:06:35]} {[%emt 00:00:30]} 63. Kg1 {[%clk 00:42:57]} {[%emt 00:00:33]} Kxf4
{[%clk 00:06:48]} {[%emt 00:00:18]} 64. Rxb5 {[%clk 00:43:15]} {[%emt
00:00:11]} Kg3 {[%emt 00:00:33]} 65. Rb3+ {[%clk 00:43:37]} Bf3 {[%clk
00:07:14]} {[%emt 00:00:09]} 66. Rxf3+ {[%clk 00:43:55]} {[%emt 00:00:13]} Kxf3
{[%clk 00:07:37]} {[%emt 00:00:06]} 67. Kh2 {[%clk 00:44:22]} {[%emt 00:00:03]}
Kg4 {[%clk 00:07:57]} {[%emt 00:00:10]} 68. Kg2 {[%clk 00:44:45]} {[%emt
00:00:07]} h4 {[%clk 00:08:23]} {[%emt 00:00:04]} 69. Kh2 {[%clk 00:45:12]}
{[%emt 00:00:03]} h3 {[%clk 00:08:50]} {[%emt 00:00:03]} 70. Kg1 {[%clk
00:45:37]} {[%emt 00:00:05]} h2+ {[%clk 00:09:16]} {[%emt 00:00:04]} 71. Kg2
{[%clk 00:45:52]} {[%emt 00:00:16]} h1=Q+ {[%clk 00:09:40]} {[%emt 00:00:06]}
72. Kxh1 {[%clk 00:46:16]} {[%emt 00:00:05]} 1/2-1/2

[Event "DEM U12 2025"]
[Site "Willingen GER"]
[Date "2025.06.14"]
[Round "9"]
[White "Chakhalov, Mikael"]
[Black "Wingerath, Felix"]
[Result "1-0"]
[Termination "normal"]
[Board "9"]
[WhiteElo "1902"]
[BlackElo "1767"]
[WhiteClock "01:19:00"]
[BlackClock "00:57:30"]
[PlyCount "98"]
[WhiteFideId "34644458"]
[BlackFideId "34614834"]
[EventCountry "GER"]
[EventRounds "9"]
[EventType "swiss"]
[EventDate "2025.06.07"]

1. e4 {[%clk 01:30:57]} {[%emt 00:00:02]} c5 {[%clk 01:30:56]} {[%emt
00:00:05]} 2. Nc3 {[%clk 01:31:21]} {[%emt 00:00:04]} d6 {[%clk 01:31:17]}
{[%emt 00:00:10]} 3. g3 {[%clk 01:31:39]} {[%emt 00:00:12]} g6 {[%clk
01:31:21]} {[%emt 00:00:27]} 4. Bg2 {[%clk 01:32:02]} {[%emt 00:00:06]} Bg7
{[%clk 01:31:38]} {[%emt 00:00:13]} 5. d3 {[%clk 01:32:18]} {[%emt 00:00:14]}
Nf6 {[%clk 01:31:51]} {[%emt 00:00:18]} 6. h3 {[%clk 01:32:41]} {[%emt
00:00:07]} Nc6 {[%clk 01:31:55]} {[%emt 00:00:26]} 7. Be3 {[%clk 01:33:00]}
{[%emt 00:00:09]} O-O {[%clk 01:31:39]} {[%emt 00:00:46]} 8. Qd2 {[%clk
01:33:20]} {[%emt 00:00:11]} Re8 {[%clk 01:32:05]} {[%emt 00:00:05]} 9. Bh6
{[%clk 01:33:26]} {[%emt 00:00:22]} Bh8 {[%clk 01:32:29]} {[%emt 00:00:07]} 10.
Nge2 {[%clk 01:33:42]} {[%emt 00:00:13]} a6 {[%clk 01:31:43]} {[%emt 00:01:17]}
11. O-O {[%clk 01:33:22]} {[%emt 00:00:49]} Bd7 {[%clk 01:26:30]} {[%emt
00:05:44]} 12. f4 {[%clk 01:33:23]} {[%emt 00:00:29]} Rb8 {[%clk 01:21:41]}
{[%emt 00:05:20]} 13. g4 {[%clk 01:32:42]} {[%emt 00:01:10]} b5 {[%clk
01:20:15]} {[%emt 00:01:56]} 14. Ng3 {[%clk 01:31:07]} {[%emt 00:02:05]} Bg7
{[%clk 01:02:39]} {[%emt 00:18:07]} 15. Bxg7 {[%clk 01:31:05]} {[%emt
00:00:31]} Kxg7 {[%clk 01:03:02]} {[%emt 00:00:05]} 16. g5 {[%clk 01:31:09]}
{[%emt 00:00:28]} Ng8 {[%clk 01:03:17]} {[%emt 00:00:16]} 17. f5 {[%clk
01:30:15]} {[%emt 00:01:23]} Nd4 {[%clk 01:00:07]} {[%emt 00:03:40]} 18. Nd5
{[%clk 01:29:34]} {[%emt 00:01:11]} Qc8 {[%clk 00:58:16]} {[%emt 00:02:21]} 19.
c3 {[%clk 01:28:41]} {[%emt 00:01:23]} Nc6 {[%clk 00:57:59]} {[%emt 00:00:47]}
20. Qf4 {[%clk 01:27:57]} {[%emt 00:01:15]} Rf8 {[%clk 00:57:02]} {[%emt
00:01:27]} 21. f6+ {[%clk 01:24:38]} {[%emt 00:03:49]} Kh8 {[%clk 00:57:23]}
{[%emt 00:00:08]} 22. fxe7 {[%clk 01:23:10]} {[%emt 00:01:58]} Re8 {[%clk
00:56:38]} {[%emt 00:01:15]} 23. Qxd6 {[%clk 01:20:57]} {[%emt 00:02:43]} Ncxe7
{[%clk 00:56:47]} {[%emt 00:00:22]} 24. Qe5+ {[%clk 01:17:38]} {[%emt
00:03:48]} f6 {[%clk 00:57:06]} {[%emt 00:00:12]} 25. gxf6 {[%clk 01:17:40]}
{[%emt 00:00:27]} Nxd5 {[%clk 00:56:39]} {[%emt 00:00:57]} 26. Qxd5 {[%clk
01:17:55]} {[%emt 00:00:15]} Be6 {[%clk 00:56:49]} {[%emt 00:00:20]} 27. Qg5
{[%clk 01:16:40]} {[%emt 00:01:44]} Bf7 {[%clk 00:57:00]} {[%emt 00:00:19]} 28.
e5 {[%clk 01:16:20]} {[%emt 00:00:50]} Qc7 {[%clk 00:56:21]} {[%emt 00:01:09]}
29. Rae1 {[%clk 01:16:10]} {[%emt 00:00:41]} Rb6 {[%clk 00:56:33]} {[%emt
00:00:18]} 30. d4 {[%clk 01:15:44]} {[%emt 00:00:56]} cxd4 {[%clk 00:56:34]}
{[%emt 00:00:28]} 31. cxd4 {[%clk 01:16:06]} {[%emt 00:00:08]} h6 {[%clk
00:56:38]} {[%emt 00:00:26]} 32. Qd2 {[%clk 01:15:39]} {[%emt 00:00:58]} Rd8
{[%clk 00:56:40]} {[%emt 00:00:27]} 33. Ne4 {[%clk 01:14:08]} {[%emt 00:02:01]}
Qxe5 {[%clk 00:53:40]} {[%emt 00:03:30]} 34. dxe5 {[%clk 01:14:32]} {[%emt
00:00:06]} Rxd2 {[%clk 00:53:57]} {[%emt 00:00:13]} 35. Nxd2 {[%clk 01:15:00]}
{[%emt 00:00:02]} h5 {[%clk 00:53:12]} {[%emt 00:01:15]} 36. e6 {[%clk
01:15:18]} {[%emt 00:00:12]} Rxe6 {[%clk 00:53:30]} {[%emt 00:00:12]} 37. Rxe6
{[%clk 01:15:42]} {[%emt 00:00:06]} Bxe6 {[%clk 00:53:50]} {[%emt 00:00:10]}
38. f7 {[%clk 01:16:11]} {[%emt 00:00:02]} Bxf7 {[%clk 00:54:05]} {[%emt
00:00:14]} 39. Rxf7 {[%clk 01:16:39]} {[%emt 00:00:02]} Nh6 {[%clk 00:54:25]}
{[%emt 00:00:09]} 40. Rf6 {[%clk 01:17:07]} {[%emt 00:00:03]} Kg7 41. Rxa6 Nf5
{[%clk 00:55:14]} {[%emt 00:00:05]} 42. Be4 {[%clk 01:17:40]} {[%emt 00:00:22]}
Ne3 {[%clk 00:55:25]} {[%emt 00:00:18]} 43. Rxg6+ {[%clk 01:17:46]} {[%emt
00:00:23]} Kf7 {[%clk 00:55:52]} {[%emt 00:00:04]} 44. Rb6 {[%clk 01:17:55]}
{[%emt 00:00:21]} h4 {[%clk 00:56:11]} {[%emt 00:00:12]} 45. Rxb5 {[%clk
01:18:16]} {[%emt 00:00:08]} Ke6 {[%clk 00:56:19]} {[%emt 00:00:22]} 46. a4
{[%clk 01:18:30]} {[%emt 00:00:16]} Kd6 {[%clk 00:56:31]} {[%emt 00:00:18]} 47.
a5 {[%clk 01:18:49]} {[%emt 00:00:11]} Ng4 {[%clk 00:56:39]} {[%emt 00:00:22]}
48. hxg4 {[%clk 01:18:42]} {[%emt 00:00:38]} h3 {[%clk 00:57:05]} {[%emt
00:00:04]} 49. a6 {[%clk 01:19:00]} {[%emt 00:00:12]} h2+ {[%clk 00:57:30]}
{[%emt 00:00:04]} 1-0